000 00333nam a2200133Ia 4500
005 20260328104300.0
008 260328s9999||||xx |||||||||||||| ||und||
100 _aMinguet, Josep Maria
245 0 _aContainer & Prefab Houses /
_cJosep Maria Minguet
260 _bMonsa
300 _a143 p.
650 _aCONTENEDORES
942 _cBK
999 _c10571
_d10571